Slévárenské slitiny neželezných kovů

Guardado en:
Detalles Bibliográficos
Autores principales: Němec, Milan (Autor), Provazník, Jaroslav (Autor)
Formato: Libro
Lenguaje:checo
Publicado: Praha : ČVUT, 2008
Edición:1. vyd.
Materias:
Etiquetas: Agregar Etiqueta
Sin Etiquetas, Sea el primero en etiquetar este registro!

MARC

LEADER 00000nam a22000003a 4500
001 stu175588
005 20150716165356.8
008 081107s2008----xr------------------cze-d
020 |a 978-80-01-04116-1 
040 |a STU  |b slo 
041 0 |a cze 
044 |a xr 
080 |a 669.2/.8 
080 |a 669.056 
100 1 |a Němec, Milan  |4 aut 
245 1 |a Slévárenské slitiny neželezných kovů 
250 |a 1. vyd. 
260 |a Praha :  |b ČVUT,  |c 2008 
300 |a 137 s 
650 7 |a neželezné kovy  |2 stusub 
650 7 |a zliatiny  |2 stusub 
700 1 |a Provazník, Jaroslav  |4 aut 
996 |b 284J034719  |c J*110519  |l JJST  |s P  |a 0  |w stu175588_0001